Todos os campeões da Libertadores - Statistics

Estatísticas Gerais
  • Esse quiz foi jogado 175 vezes
  • A pontuação média é 60 de 65
Estatísticas das Respostas
Ano Campeão % Correto
2021 Palmeiras
100%
2020 Palmeiras
100%
1999 Palmeiras
100%
2024 Botafogo
99%
2022 Flamengo
99%
2019 Flamengo
99%
1981 Flamengo
99%
2023 Fluminense
99%
2018 River Plate
99%
2015 River Plate
99%
1996 River Plate
99%
1986 River Plate
99%
2005 São Paulo
99%
1993 São Paulo
99%
1992 São Paulo
99%
2007 Boca Juniors
98%
2003 Boca Juniors
98%
2001 Boca Juniors
98%
2000 Boca Juniors
98%
1978 Boca Juniors
98%
1977 Boca Juniors
98%
2017 Grêmio
98%
1995 Grêmio
98%
1983 Grêmio
98%
2010 Internacional
98%
2006 Internacional
98%
2012 Corinthians
95%
2011 Santos
95%
1963 Santos
95%
1962 Santos
95%
2013 Atlético Mineiro
94%
1987 Peñarol
93%
1982 Peñarol
93%
1966 Peñarol
93%
1961 Peñarol
93%
1960 Peñarol
93%
1984 Independiente
92%
1975 Independiente
92%
1974 Independiente
92%
1973 Independiente
92%
1972 Independiente
92%
1965 Independiente
92%
1964 Independiente
92%
1997 Cruzeiro
89%
1976 Cruzeiro
89%
2008 LDU Quito
89%
2016 Atlético Nacional
88%
1989 Atlético Nacional
88%
1998 Vasco da Gama
88%
2002 Olimpia
86%
1990 Olimpia
86%
1979 Olimpia
86%
2014 San Lorenzo
86%
2009 Estudiantes
85%
1970 Estudiantes
85%
1969 Estudiantes
85%
1968 Estudiantes
85%
1988 Nacional
85%
1980 Nacional
85%
1971 Nacional
85%
1967 Racing Club
85%
2004 Once Caldas
84%
1991 Colo-Colo
77%
1994 Vélez Sarsfield
75%
1985 Argentinos Juniors
60%
Nenhum quiz correspondente encontrado
Distribuição das Pontuações
Porcentagem de Pessoas com Cada Pontuação
Percentil de Números Respondidos
Sua Pontuação Histórica
Você não jogou esse quiz